000 00772nam a22002777a 4500
001 BR9903421
003 BR-BrBNA
005 20230928100429.0
007 ta
008 230509b bl.||||| |||| 00| 0 por d
040 _aBR-BrBNA
_bpor
_cBiblioteca Nacional de Agricultura
041 _a(Por)
072 _aF08
090 _ F08 BR9903421
100 1 _aStaff, H.
110 1 _aServico de Apoio as Micro e Pequenas Empresas do Estado de Mato Grosso, Cuiaba (Brasil)
_99297
245 1 _aHidroponia
_bColecao Agroindustria, v. 11
250 1 _a2. ed.
260 3 _aCuiaba, MT (Brasil):
_c1998.
300 _a94 p.
500 _a10 ref.; 8 illus.
650 _aCultivo Hidroponico
650 _aHistoria
909 _a202309
_bLucia
_c55
_dLucia Elande
942 _cBK
999 _c61297
_d61297